000 00217nam a2200085Ia 4500
245 0 _aFoggy Moggy Inn
100 _a RAYNER, Shoo London, 2004
_9102966
942 _cBK
008 210818s9999 xx 000 0 und d
999 _c450228
_d450227